Регионална библиотека "Любен Каравелов" - Русе

Изповеди (Запис номер 187492)

MARC детайли
000 -Лидер
Контролно поле с фиксирана дължина nam a22 c 4500
003 - Код на организацията, давaща контролен номер
Контролно поле BLK
005 - Дата и час на последна редакция
Контролно поле 20230410132840.0
008 - Елементи от данни с фиксирана дължина
fixed length control field 180411b bul|||||r ||||||| ||bul||
010 ## - Наследен системен номер
LC control number KNG00196505000
040 ## - Източник на каталожния запис
Идентификатор на билиотеката - собственик на записа BLK
041 ## - Код за език
Код за езика на текст/звукозапис или на отделно заглавие Български
Код за езика КДБФ Български
080 ## - УДК
Текстов определител УДК Френска литература
УДК код - определител по УДК 821.133.1
УДК определител -94
УДК - код + определител 821.133.1-94
080 ## - УДК
Текстов определител УДК Обща история на философията
УДК код - определител по УДК 101(091)
УДК определител (44)(092)
УДК - код + определител 101(091)(44)(092)
080 ## - УДК
Текстов определител УДК Френско-швейцарски философ, писател и музиколог
УДК код - определител по УДК 929 Русо, Жан-Жак
УДК - код + определител 929 Русо, Жан-Жак
100 1# - Редна дума - Автор
Автор Русо, Жан-Жак
Авторска отговорност първи автор
R(LIN) 367707
139 ## - Редно поле
Редна дума Русо, Жан-Жак
Авторски знак Русо - Р 96
245 10 - Сведения за заглавието
Заглавие Изповеди
Подзаглавни данни Автобиогр. роман
Редно поле (дума) Жан-Жак Русо; прев. от фр. Лилия Сталева.
250 ## - Област на изданието
Сведения за изданието 2. изд.
257 ## - Страна на издаване
Страна на създаване/издаване Франция
260 ## - Област на издателските данни
Място на издаване, разпространение и проч. София
Име на издателя, разпространителя и проч. Нар. култура
Година на издаване 1982
300 ## - Физическа характеристика
Страници 696 с.
Размери/Мащаб 20 см
380 ## - Жанр
Жанр Худож. лит.
490 ## - СЕРИИ (Колекции)
Име на серия Библиотека Везни
9 (RLIN) 205537
500 ## - Общи забележки
Забележка Ориг. загл. Les confessions. - 1. изд. 1973 в Библ. Световна класика. - Съдържа и автогр. текст от Стоян Каролев за авт. - 30 125 тир.
600 14 - Име на лице, използвано като предмет
За него / За нея Русо, Жан-Жак
9 (RLIN) 367707
650 #4 - Допълнително описание по предмет – тема
Основно описание – тема или топоним Русо, Жан-Жак
9 (RLIN) 367707
651 #4 - Допълнително описание по предмет - топоним
Географско понятие Франция
9 (RLIN) 179722
653 ## - Ключова дума – ненормативна
Ключова дума Жан-Жак Русо
653 ## - Ключова дума – ненормативна
Ключова дума автобиографични романи
700 1# - Други автори (авторска отговорност)
Лично име Сталева, Лилия
Автороска отговорност (Описва отношението между автора и произведението) прев. от фр.
9 (RLIN) 368569
852 ## - Местоположение
Форматна сигнатура Цб 116897
856 4# - Електронен адрес и достъп
Електронен формат pdf - файл
Инструкция (цена за достъп) 0.00
Права за достъп disable
856 4# - Електронен адрес и достъп
Електронен формат pdf - файл
Инструкция (цена за достъп) 0.00
Права за достъп disable
999 ## - СИСТЕМНИ КОНТРОЛНИ НОМЕРА
Koha biblionumber 187492
Koha biblioitemnumber 187492
942 ## - АРТИКУЛИ
Вид на библиотечния материал Книги
Скрит в OPAC Не
Koha issues (borrowed), all copies 1
Периодичен библиозапис Да
944 ## - СЪЗДАВАНЕ И РЕДАКЦИЯ на ЗАПИСА
Създаване/Редакция Създаване
Дата на регистрацията/редакция 18.11.2016
Статус, дата на статуса ф /
Служител, извършил регистрацията/редакцията Радостина_Карадакова
944 ## - СЪЗДАВАНЕ И РЕДАКЦИЯ на ЗАПИСА
Създаване/Редакция Редакция
Дата на регистрацията/редакция 08.02.2018
Статус, дата на статуса ф /
Служител, извършил регистрацията/редакцията Людмила_Стоянова
999 ## - СИСТЕМНИ КОНТРОЛНИ НОМЕРА
Koha biblioitemnumber 187492
Наличности
Код за отписване Код за изгубен артикул Източник на класификационната схема Код за повреда Коз за рестрикции Код за отдаване Артикулен № Име на библиотеката - собственик Име на библиотеката, в която се намира в момента Статус (Текущо местоположение) Дата на вписване в системата Местоположение - отдел Цена в лева Инвентарен номер Систематично азбучна сигнатура Баркод Номер на екземпляра Цена в евро Служебна бележка Служебен тип на артикула
  Не е изгубен Universal Decimal Classification Не е повреден без рестрикции ползва се в читалня 327406 Регионална библиотека "Любен Каравелов" Русе Регионална библиотека "Любен Каравелов" Русе Хранилище 1982-01-01 Хранилище 4.32 360650 Цб 116897 120000360650 1 2.21 Дост: Dp Вид: Д N: стар фонд Дата: 01.01.1982 Книги
Изтеглен Не е изгубен Universal Decimal Classification Не е повреден без рестрикции заемане за дома 327407 Регионална библиотека "Любен Каравелов" Русе Регионална библиотека "Любен Каравелов" Русе Заемна - подръчен фонд 1982-01-01 Заемна - подръчен фонд 4.32 360329 П 840-9/Р 96 360329 2 2.21 Дост: Pk Вид: Ф N: стар фонд Дата: 01.01.1982 Дата инв: 13.02.2018 Бележки инв: П2018 Книги
Изтеглен Не е изгубен Universal Decimal Classification Не е повреден без рестрикции заемане за дома 327408 Регионална библиотека "Любен Каравелов" Русе Регионална библиотека "Любен Каравелов" Русе Заемна - подръчен фонд 1982-01-01 Заемна - подръчен фонд 4.32 360332 П 840-9/Р 96 360332 3 2.21 Дост: Pk Вид: Ф N: стар фонд Дата: 01.01.1982 Книги
  Не е изгубен Universal Decimal Classification Не е повреден без рестрикции заемане за дома 327409 Регионална библиотека "Любен Каравелов" Русе Регионална библиотека "Любен Каравелов" Русе Заемна - подръчен фонд 2017-12-14 Заемна - подръчен фонд 14.00 120000817985 П 840-9/Р 96 120000817985 4 7.16 Дост: DA Вид: А N: 44 Дата: 14.12.2017 Дата инв: 15.02.2018 Бележки инв: П2018 Книги
Vip Innovations Ltd, Rousse, Bulgaria 2025